Statistiques concernant Le Hobbit-Le Seigneur des Anneaux

Cliquez ici pour prendre le quiz!

Statistiques générales

  • Ce quiz a été pris 1 464 fois
  • Le résultat moyen est 11 sur 16

Statistiques - réponses

QuestionRéponse% Correct
Question BONUS : Quelle est la couleur du cheval blanc de Legolas?Blanc
87%
On l'appelle Bilbon Sacquet dans la version Française mais comment s'appelle-t-il en version originale ?Bilbo Baggins
86%
Quelle est la race de Sylvebarbe ?Ent
85%
Comment Merry et Pippin se retrouvent dans la quête de l'anneau ?En volant des légumes
84%
Comment s'appellent les cavaliers du Rohan ?Les Rohirrims
82%
Quel artéfact permet à Sauron et Saroumane d'être en contact ?Un Palantir
81%
Comment s'appelle le changeur de peau dans Le Hobbit ? :)Beorn
79%
De quel célèbre nain découvert dans "Bilbo le Hobbit" Gimli est-il le fils ?Gloïn
78%
Quel est le nom de famille des Hobbits qui veulent récupérer cul-de-sac ?Sacquet de Besace
77%
Où Frodon fut-il grièvement blessé par un Nazgûl ?Au mont Venteux
72%
Comment s'appellent l'herbe à pipe la plus connue ?Vieux Tobie
70%
Quel nain est le plus jeune ?Fili
68%
Que dit exactement l'inscription gravée sur l'Anneau unique ?'Un anneau pour les gouverner tous. Un anneau pour les trouver. Un anneau pour les amener tous et dans les ténèbres les lier'
68%
Quel est le nom de l’épée que Gandalf trouve dans la grotte des Trolls et qu'il garde pour lui ?Le Marteau à Ennemis (Glamdring)
44%
Comment est surnommé Smaug ?Le Doré
12%
Que voit Gandalf après avoir écarté le lierre sur la statue elfique à l'entrée de la forêt noire ?Le visage de Galadriel
12%

Distribution des résultats

Percentile par nombre de réponses

% des personnes avec chaque résultat

Votre développement - résultats

Vous n’avez pas pris ce quiz